| 000 | 00900ngm a2200205 a 4500 | ||
|---|---|---|---|
| 005 | 20240806063832.0 | ||
| 008 | 991125s1999 mx 057 d daspa u | ||
| 035 | _aUPN01000001471 | ||
| 049 | _aAV | ||
| 099 | _aPVI P 0728 | ||
| 100 | 1 | _aLavista, Paulina | |
| 245 | 1 | 0 |
_aAlejandro Rossi : _bletras, viajes, ideas / _cdir. Paulina Lavista. |
| 260 |
_aMéxico : _bCanal 22 ; _bCNCA, _c1999. |
||
| 300 | _a1 videocasete (VHS) (57 min.). | ||
| 440 | 0 |
_aLiteratura. _pCreadores eméritos |
|
| 520 | _aPrograma que muestra a Alejandro Rossi como mexicano filósofo, narrador y ensayista que irrumpe en el panorama literario hacia los años setenta. Distinguido por la crítica como un extraordinario ensayista y por la utilización de la prosa incisiva e irónica de claridad conceptual | ||
| 600 | 1 | 4 |
_aROSSI, ALEJANDRO, _d1932-2009 _913021 |
| 650 | 4 |
_aLiteratura mexicana _94466 |
|
| 905 | _aAudiovisuales | ||
| 999 |
_c1471 _d1471 |
||